| 000 | 00712nam a22002057a 4500 | ||
|---|---|---|---|
| 005 | 20100823115058.0 | ||
| 010 | _aENG-101289 | ||
| 020 |
_c100.00 _a8190812866 |
||
| 020 |
_c100.00 _a9788190812863 |
||
| 035 | _aEN-84822 | ||
| 037 | _bDBAD/PUB | ||
| 082 | _a610 | ||
| 100 |
_aJagadeesan, K. _916671 |
||
| 245 |
_aText book of enzymes, hormones and vitamins / _cby K.Jagadeesan |
||
| 260 |
_aKaveripattinam _bBharathi & Bharathi Publications _c2009 |
||
| 270 |
_a21(15) 2nd Cross Street _bKaveripattinam _e635112 |
||
| 300 |
_a120p.: _c20cm (pbk) _bill. |
||
| 942 |
_2ddc _cEN _h610 _mJAG |
||
| 999 |
_c42956 _d42956 |
||